Missing Word: Baby Songs Quiz Stats

Quiz Updated Jul 23, 2016

Challenge
Share
Tweet
Embed
Score 0/20 Timer 03:00
0 Plays Today
Song Title Missing Word % Correct
Take Good _____ Of My BabyCare
94.5%
...Baby One More _____Time
93.3%
Ice _____ BabyIce
86.2%
Baby Got _____Back
86.2%
Baby Did A Bad Bad _____Thing
85.3%
Christmas (Baby Please Come _____)Home
84.5%
Mammas Don't Let Your Babies Grow up to Be _____Cowboys
73.8%
Can't Get _____ Of You BabyEnough
71.1%
Baby I Need Your _____Loving
69%
Bang Bang (My Baby _____ Me Down)Shot
67.9%
Song Title Missing Word % Correct
Baby, I Love Your _____Way
61.2%
I'm Your Baby _____Tonight
42.5%
_____ Be My BabyAlways
42.3%
Baby Don't Get _____ On MeHooked
38.1%
Baby You're A _____ ManRich
35.4%
Baby The _____ Must FallRain
34.9%
Don't _____ BabyWorry
34.8%
Bye Bye Baby (Baby _____)Goodbye
33.8%
Baby _____ WalkElephant
33.1%
Baby, What A Big _____Surprise
25.9%

Today's Daily Dose

You're not logged in!

Compare scores with friends on all Sporcle quizzes.
Sign Up with Email
OR
Log In

You Might Also Like...

Show Comments

Extras

Top Quizzes Today


Score Distribution

Your Account Isn't Verified!

In order to create a playlist on Sporcle, you need to verify the email address you used during registration. Go to your Sporcle Settings to finish the process.